000 00336nam a22001577a 4500
003 SGT
020 _a81-317-13-72-5
082 _a658.3
_bR07M
100 _aMILL, ROBERT CHRISTIE
245 _aRESTAURANT MANAGEMENT
250 _a3RD
260 _aNEW DELHI
_bPEARSON
_c2007
300 _a463
650 _aPHARMACY
942 _2ddc
_cBK
999 _c11184
_d11184